000 00276nam a22001217a 4500
082 _a530
_bNAM/P
100 _aSANJAY NAMDEO
245 _aGOLDEN PHYSICS
_bCLASS XII
260 _aDELHI
_bLAXMI PUBLICATIONS
300 _a711
650 _aPHYSICS FOR CLASS XII
_zINDIA
942 _cBK
999 _c684
_d684